000 00714nac a22002417a 4500
001 BR4600137
003 BR-BrBNA
005 20240105112841.0
008 230509b bl.|||m| |||| 00| 0 por d
040 _aBR-BrBNA
_bpor
_cBiblioteca Nacional de Agricultura
072 _aS30
090 _a9000 BR4600137
100 1 _aSiqueira, R. de
110 1 _aServico de Informacao Agricola, Rio de Janeiro, GB (Brasil)
245 1 _aCartilha alimentar do homem rural [Brasil]
260 3 _aRio de Janeiro, GB (Brasil):
_c1946.
300 _a89 p.
490 _aSIA (Brazil)
_vno. 571
_x
650 _aAlimentacao
650 _aAlimento
909 _a202312
_bLúcia Elande
_c55
_dLúcia Elande
942 _2AGRIS
_n0
_cMS
999 _c260600
_d260600